000 00459nam a22001697a 4500
005 20251108170526.0
008 250721s1999 xx 000 0 ara d
082 1 4 _a933/صبا
100 1 _aالصباغ، عبود
245 1 0 _aالروض الزاهر في تاريخ ظاهر /
264 _c1999.
300 _a134ص
650 1 7 _aتاريخ فلسطين القديم
650 1 7 _aالحكم العثماني
942 _2ddc
_cBK
999 _c42621
_d42621